书目信息 |
| 题名: |
自动記录仪表
|
|
| 作者: | 帕耳姆, 著 ;陆嘉 译 | |
| 分册: | ||
| 出版信息: | 北京 机械工业出版社 1965 |
|
| 页数: | 244页 | |
| 开本: | 21cm | |
| 丛书名: | ||
| 单 册: | ||
| 中图分类: | TP216 | |
| 科图分类: | ||
| 主题词: | 记录仪--自动化仪表 | |
| 电子资源: | ||
| ISBN: | 15033.3758 | |
| 000 | 00908nam0 2200313 450 | |
| 001 | 000615666 | |
| 005 | 20120905085428.0 | |
| 010 | @a15033.3758@dCNY1.20 | |
| 091 | @a15033.3758@dCNY1.20 | |
| 100 | @a20120905d1965 em y0chiy0121 ea | |
| 101 | 1 | @achi@cger |
| 102 | @aCN@b110000 | |
| 105 | @aa a 000yy | |
| 106 | @ar | |
| 200 | 1 | @a自动記录仪表@9Zi Dong ji Lu Yi Biao @f(西德) A.帕耳姆著@g陆嘉譯 |
| 210 | @a北京@c机械工业出版社@d1965 | |
| 215 | @a244页@c图@d21cm | |
| 300 | @a书名原文:Registrierinstrumente | |
| 300 | @a并列题名:Registrierinstrumente | |
| 320 | @a有书目(231-241页) | |
| 510 | 1 | @aRegistrierinstrumente@zger |
| 518 | 1 | @a自动记录仪表 |
| 606 | 0 | @a记录仪@x自动化仪表 |
| 690 | @aTP216@v3 | |
| 696 | @a448.294 | |
| 701 | 1 | @a帕耳姆,@9pa er mu@bA.@g(Palm, A.)@4著 |
| 702 | 0 | @a陆嘉@9lu jia@4译 |
| 801 | 0 | @aCN@b91MARC@c20130904 |
| 905 | @aBZT@dTP216@e5@f2@sTP216/5 | |
| 自动記录仪表/(西德) A.帕耳姆著/陆嘉譯.-北京:机械工业出版社,1965 |
| 244页:图;21cm |
| 书名原文:Registrierinstrumente.-并列题名:Registrierinstrumente |
| ISBN 15033.3758:CNY1.20 |
| ● |
| 相关链接 |
|
|
|
正题名:自动記录仪表
索取号:TP216/5
 
预约/预借
| 序号 | 登录号 | 条形码 | 馆藏地/架位号 | 状态 | 备注 |
| 1 | 2000141936 | 2000141936 | 旧书回溯/ [索取号:TP216/5] | 在馆 | |
| 2 | 2000141950 | 2000141950 | 旧书回溯/ [索取号:TP216/5] | 在馆 |